Flags of Europe Quiz - Complementary Color Edition - Statistics

General Stats
  • This quiz has been taken 32 times
  • The average score is 31 of 45
Answer Stats
Picture Answer % Correct
United Kingdom
96%
Greece
89%
Spain
89%
Portugal
85%
Denmark
81%
Finland
81%
Sweden
81%
Germany
78%
Iceland
78%
Norway
78%
France
74%
Malta
74%
Monaco
74%
Russia
74%
Albania
70%
Austria
70%
Italy
70%
North Macedonia
70%
Poland
70%
Switzerland
70%
Andorra
67%
Belarus
67%
Bosnia & Herzegovina
67%
Croatia
67%
Kosovo
67%
Latvia
67%
Moldova
67%
Netherlands
67%
Serbia
67%
Slovakia
67%
Slovenia
67%
Vatican City
67%
Belgium
63%
Czech Republic
63%
Estonia
63%
Liechtenstein
63%
Montenegro
63%
San Marino
63%
Ukraine
63%
Lithuania
59%
Luxembourg
56%
Bulgaria
52%
Hungary
52%
Ireland
52%
Romania
44%
No matching quizzes found
Score Distribution
Percent of People with Each Score
Percentile by Number Answered
Your Score History
You have not taken this quiz